| 000 | 00561nam a2200181 i 4500 | ||
|---|---|---|---|
| 001 | 51332 | ||
| 003 | ES-MaACL | ||
| 005 | 20240524062950.0 | ||
| 007 | t| | ||
| 008 | 030812s1945 ag ||||1| spa d | ||
| 100 | 0 |
_aChesterton, G. K., _d1874-1936 _938399 |
|
| 245 | 1 | 3 |
_aEl mundo al revés / _cG.K. Chesterton ; traducción y prólogo de Mario Amadeo. |
| 260 |
_aBuenos Aires : _bLa Espiga de Oro, _c1945. |
||
| 300 |
_a286 p. ; _c21 cm. |
||
| 700 | 1 |
_aAmadeo, Mario. _921071 |
|
| 852 |
_aES-MaACL _jD-5401 _bR.30847 |
||
| 999 |
_c51332 _d51332 |
||